Score 0/13 Timer 04:00
1 Play Today
Song Lyrics 6-Letter Word % Correct
I'm your biggest fan. I'll ______ you until you love me.FOLLOW
78.8%
What I'd really like, dad, is to ______ the car keys.BORROW
78.7%
When Lenin was little, dressed up like a vampire on All ______'s EveHALLOW
78.3%
Down in the ______, playing a new gameHOLLOW
70.8%
You got to give the other ______ hell.FELLOW
68.2%
Turn my ______ into treasured goldSORROW
67%
The time to hesitate is through, no time to ______ in the mire.WALLOW
65.9%
The bullocks may ______. The sheep, they may bleat.BELLOW
55.1%
Desmond has a ______ in the marketplace.BARROW
54%
Her hair is ______ gold, her lips a sweet surprise.HARLOW
39.7%
Tucked the darkness in, dragged a ______ across the landHARROW
38%
A ______ deeply scarred, somebody's broken heart and a washed out dream.WILLOW
32.8%
Love was an ember about to ______.BILLOW
29.9%

Today's Daily Dose

Remove Ads.
Support Sporcle.
Get the best of Sporcle when you Go Orange. This ad-free experience offers more features, more stats, and more fun while also helping to support Sporcle. Thank you for becoming a member.

You're not logged in!

Compare scores with friends on all Sporcle quizzes.
OR
Log In

Show Comments

Extras

Top Quizzes Today


Score Distribution

Your Account Isn't Verified!

In order to create a playlist on Sporcle, you need to verify the email address you used during registration. Go to your Sporcle Settings to finish the process.

Report this User

Report this user for behavior that violates our Community Guidelines.

Details: